[Event "Sparkassen Open A"]
[Site "Dortmund GER"]
[Date "2010.07.18"]
[Round "2"]
[White "Kartsev,So"]
[Black "Wickenfeld,S"]
[Result "1/2-1/2"]
[WhiteElo "2202"]
[BlackElo "1974"]

1.e4 c5 2.c3 Nf6 3.e5 Nd5 4.Nf3 d6 5.d4 cxd4 6.cxd4 Nc6 7.Bc4 Nb6 8.Bb5 dxe5
9.Nxe5 Bd7 10.Nxd7 Qxd7 11.Nc3 e6 12.O-O Be7 13.Qg4 O-O 14.Bh6 Bf6 15.Rad1 Kh8
16.Ne4 Qe7 17.Bg5 Bxg5 18.Nxg5 Rad8 19.h4 Rd5 20.Bxc6 bxc6 21.Rfe1 h6 22.Nf3 c5
23.dxc5 Rxd1 24.Rxd1 Qxc5 25.b4 Qc2 26.Rd2 Qb1+ 27.Kh2 Nd5 28.a3 Qb3 29.Ne5 Qxa3
30.Rd4 Qc3 31.Qe4 Kg8 32.Rc4 Qb2 33.Nd3 Qf6 34.b5 Rd8 35.Qd4 Qxd4 36.Rxd4 Rb8
37.Ra4 Rb7 38.Ne5 Nc3 39.Rc4 Nxb5 40.Rc8+ Kh7 41.h5 Nd6 42.Rd8 Ne4 43.Nd7 g6
44.f3 Ng5 45.Nf6+ Kg7 46.Ne8+ Kh7 47.Nf6+ Kg7 48.Ne8+ Kh7 49.Nf6+  1/2-1/2

[Event "33rd Taminco Open"]
[Site "Ghent BEL"]
[Date "2010.07.18"]
[Round "3"]
[White "Van Oosterom,C"]
[Black "Ghyselen,W"]
[Result "1-0"]
[WhiteElo "2413"]
[BlackElo "1954"]

1.e4 c5 2.c3 Nf6 3.e5 Nd5 4.Nf3 e6 5.d4 cxd4 6.cxd4 d6 7.Bc4 Nc6 8.O-O Be7
9.a3 O-O 10.Re1 Bd7 11.Bd2 Rc8 12.Nc3 Nxc3 13.Bxc3 Na5 14.Bd3 Nc4 15.d5 exd5
16.Bxc4 Rxc4 17.Qxd5 Qc7 18.exd6 Bxd6 19.Rad1 Rc6 20.Qd4 f6 21.Qxa7 Bg4 22.Qa5 Qxa5
23.Bxa5 Bxf3 24.gxf3 b6 25.Bd2 Be5 26.b4 Rd8 27.Be3 Rxd1 28.Rxd1 Rc3 29.f4 Bc7
30.Rd7 Rc4 31.Kg2 b5 32.Rd5 Rc3 33.Rxb5 Rxa3 34.Rb7 Bd6 35.b5 g5 36.fxg5 fxg5
37.Rd7 Bf4 38.Bxf4 gxf4 39.b6 Rb3 40.b7 Kh8 41.Rd8+  1-0

[Event "2nd Artemis Cup"]
[Site "Leros GRE"]
[Date "2010.07.18"]
[Round "7"]
[White "Bulmaga,I"]
[Black "Frank Nielsen,M"]
[Result "1-0"]
[WhiteElo "2258"]
[BlackElo "2018"]

1.e4 c5 2.c3 Nf6 3.e5 Nd5 4.Nf3 e6 5.d4 cxd4 6.cxd4 d6 7.Bc4 Nb6 8.Be3 Nc6
9.O-O Be7 10.Nc3 a6 11.Qe2 d5 12.Bd3 Bd7 13.Nd2 Rc8 14.Qg4 g6 15.Bh6 Na5
16.Qh3 Rg8 17.Be3 h5 18.f4 Nac4 19.Nxc4 Nxc4 20.Bxc4 Rxc4 21.Rac1 b5 22.b3 Rc8
23.f5 exf5 24.Nxd5 f4 25.Qf3 Rxc1 26.Bxc1 Bg4 27.Nf6+ Bxf6 28.Qxf4 Bf5 29.exf6 Qxf6
30.Qb8+ Qd8 31.Re1+ Be6 32.Qe5 Kd7 33.d5 Bf5 34.Bf4 Qb6+ 35.Kh1 Qc5 36.b4 f6
37.Qxf5+  1-0

[Event "MGU-11 Open"]
[Site "Sofia BUL"]
[Date "2010.07.18"]
[Round "5"]
[White "Galunova,T"]
[Black "Ruschukov,Boyan"]
[Result "0-1"]
[WhiteElo "1984"]
[BlackElo "1962"]

1.e4 c5 2.c3 Nf6 3.e5 Nd5 4.Nf3 d6 5.d4 cxd4 6.cxd4 Nc6 7.Nc3 dxe5 8.dxe5 Nxc3
9.Qxd8+ Nxd8 10.bxc3 Nc6 11.Rb1 g6 12.Bb5 Bg7 13.Nd4 Bd7 14.Bf4 O-O 15.O-O Rfd8
16.Nxc6 bxc6 17.Ba6 Be6 18.a4 Rab8 19.h3 h6 20.Kh2 Rxb1 21.Rxb1 Rd5 22.Rb7 Ra5
23.Rxa7 Kh7  0-1

[Event "MGU-11 Open"]
[Site "Sofia BUL"]
[Date "2010.07.18"]
[Round "6"]
[White "Galunova,T"]
[Black "Mladenov,Andrey"]
[Result "1-0"]
[WhiteElo "1984"]
[BlackElo "1890"]

1.e4 c5 2.c3 Nf6 3.e5 Nd5 4.Nf3 Nc6 5.d4 cxd4 6.cxd4 d6 7.Nc3 dxe5 8.dxe5 Nxc3
9.Qxd8+ Kxd8 10.bxc3 g6 11.Bc4 e6 12.O-O Bg7 13.Re1 b6 14.Ng5 Nxe5 15.Rxe5 f6
16.Nxe6+ Bxe6 17.Rxe6 Rc8 18.Ba6 Rxc3 19.Bf4 Kd7 20.Rd6+ Ke7 21.Re1+  1-0

[Event "Aegean Open"]
[Site "Agios Kirykos GRE"]
[Date "2010.07.19"]
[Round "7"]
[White "Kouvatsou,M"]
[Black "Grapsa,G"]
[Result "1-0"]
[WhiteElo "2185"]
[BlackElo "2005"]

1.e4 c5 2.c3 Nf6 3.e5 Nd5 4.d4 cxd4 5.Nf3 e6 6.cxd4 d6 7.a3 Bd7 8.Bd3 Bc6
9.O-O Nd7 10.b4 a6 11.Re1 Be7 12.Nbd2 dxe5 13.dxe5 Nf4 14.Bb1 Nb6 15.Qb3 Ba4
16.Qe3 Nbd5 17.Qe4 Rc8 18.Bb2 Ng6 19.Nd4 O-O 20.N2f3 b5 21.Qg4 a5 22.bxa5 Qxa5
23.Bxg6 hxg6 24.Nxe6 Rc4 25.Qh3 Nf4 26.Nxf4 Rxf4 27.Rac1 b4 28.axb4 Qxb4
29.Bc3 Qc4 30.Bd2  1-0

[Event "Maria Albulet Mem"]
[Site "Braila ROU"]
[Date "2010.07.19"]
[Round "6"]
[White "Traistaru,T"]
[Black "Toma,K"]
[Result "1/2-1/2"]
[WhiteElo "2194"]
[BlackElo "2261"]

1.e4 c5 2.c3 Nf6 3.e5 Nd5 4.d4 cxd4 5.Nf3 Nc6 6.cxd4 d6 7.a3 Bf5 8.Qb3 Nb6
9.Nc3 d5 10.Bb5 e6 11.Bg5 Qd7 12.Rc1 h6 13.Bd2 Nc4 14.Bxc4 Na5 15.Qa4 Nxc4
16.Nb5 Rc8 17.b3 Nb6 18.Rxc8+ Nxc8 19.Ba5 b6 20.Bb4 Bxb4+ 21.Qxb4 Bd3  1/2-1/2

[Event "Andorra Open"]
[Site "La Massana AND"]
[Date "2010.07.19"]
[Round "3"]
[White "Paci,C"]
[Black "Zoler,D"]
[Result "1-0"]
[WhiteElo "2361"]
[BlackElo "2474"]

1.e4 c5 2.c3 Nf6 3.e5 Nd5 4.d4 cxd4 5.Nf3 Nc6 6.cxd4 d6 7.Bc4 Nb6 8.Bb5 dxe5
9.Nxe5 Bd7 10.Nxd7 Qxd7 11.Nc3 e6 12.O-O Be7 13.Qg4 O-O 14.Bxc6 bxc6 15.Bh6 Bf6
16.Rfd1 Kh8 17.Ne4 Rg8 18.Bg5 Nd5 19.Rd3 Bxg5 20.Nxg5 g6 21.h4 Rae8 22.Re1 Rg7
23.Qg3 a5 24.Ne4 Qd8 25.Ra3 Qb6 26.Qe5 Qd8 27.Rc1 f6 28.Qd6 Rd7 29.Qc5 Nf4
30.Re1 Rxd4 31.Qxc6 Nd3 32.Nxf6 Rf8 33.Rxe6 Nf4 34.Qb6 Rd1+ 35.Kh2 Qxb6 36.Rxb6 Nd3
37.Rxa5 Nf4  1-0

[Event "ch-USA Junior"]
[Site "St Louis USA"]
[Date "2010.07.19"]
[Round "9"]
[White "Bryant,J"]
[Black "Zhao,P"]
[Result "1/2-1/2"]
[WhiteElo "2403"]
[BlackElo "2267"]

1.e4 c5 2.c3 Nf6 3.e5 Nd5 4.Nf3 e6 5.d4 cxd4 6.cxd4 d6 7.Bc4 Nc6 8.Qe2 Nb6
9.Bb3 dxe5 10.dxe5 Nb4 11.Bg5 Qd3 12.Nc3 Bd7 13.Rd1 Qxe2+ 14.Kxe2 Bc6 15.Nd4 Be7
16.Nxc6 Nxc6 17.Bf4 O-O 18.Bc2 Rfd8 19.Bd3 Nd4+ 20.Kd2 Rac8 21.Kc1 Nd5 22.Be3 Nxe3
23.fxe3 Nc6 24.Be4 Bg5 25.Rxd8+ Rxd8 26.Nd1 Nxe5 27.h4 Bf6 28.Bxb7 Nd3+ 29.Kc2 Nxb2
30.Nxb2 Rb8 31.Nc4 Rxb7 32.h5 Kf8 33.a4 Rb4 34.Kd3 Rb3+ 35.Kd2 Ke7 36.Rc1 Bg5
37.Kc2 Rb4 38.Kc3 Rxa4 39.Rb1 Ra6 40.Rb7+ Kf6 41.Kd4 g6 42.g4 h6 43.e4 gxh5
44.gxh5 e5+ 45.Kd5 Bf4 46.Nd6 Ra5+ 47.Kc6 Kg5 48.Rxf7 Kxh5 49.Rg7 Ra4 50.Kd5 Ra3
51.Nf5 a5 52.Rg1 Ra2 53.Kc4 a4 54.Kb4 a3 55.Kb3 Re2 56.Kxa3 Rxe4 57.Kb3 Re2
58.Kc3 Ra2 59.Kd3 Ra4 60.Rg8 e4+ 61.Ke2 Ra2+ 62.Kf1 Ra5 63.Nd4 Rg5 64.Re8 Re5
65.Rxe5+ Bxe5 66.Nb3 Bc3 67.Nc5 e3 68.Ne4 Bd4 69.Kg2 Kg4 70.Ng3 h5 71.Ne2 Be5
72.Ng1 h4 73.Nh3 Bg3 74.Ng1 Bc7 75.Nh3 Bd6 76.Nf2+ Kf4 77.Nd3+ Ke4 78.Nf2+ Kd4
79.Kf3 h3 80.Nxh3 Kd3 81.Nf2+  1/2-1/2

[Event "Maria Albulet Mem"]
[Site "Braila ROU"]
[Date "2010.07.20"]
[Round "8"]
[White "Traistaru,T"]
[Black "Genova,Ly"]
[Result "1/2-1/2"]
[WhiteElo "2194"]
[BlackElo "2209"]

1.e4 c5 2.c3 Nf6 3.e5 Nd5 4.d4 cxd4 5.Nf3 e6 6.cxd4 d6 7.a3 Nc6 8.Bd3 g6
9.O-O Bg7 10.Re1 O-O 11.Nbd2 dxe5 12.dxe5 Qc7 13.Nc4 b5 14.Nd6 a6 15.Nxc8 Nxe5
16.Ne7+ Nxe7 17.Bf4 Nxf3+ 18.Qxf3 Qa7 19.Be4 Rad8 20.Rac1 Nd5 21.Bg5 Rd7
22.b4 a5 23.bxa5 Qxa5 24.Red1 Bb2 25.Rb1 Bg7  1/2-1/2

[Event "33rd Taminco Open"]
[Site "Ghent BEL"]
[Date "2010.07.20"]
[Round "7"]
[White "Leunis,G"]
[Black "Van der Stricht,G"]
[Result "1/2-1/2"]
[WhiteElo "2249"]
[BlackElo "2393"]

1.e4 c5 2.c3 Nf6 3.e5 Nd5 4.Nf3 e6 5.d4 cxd4 6.cxd4 b6 7.Bd3 Ba6 8.O-O Bxd3
9.Qxd3 Nc6 10.a3 Be7 11.Bd2 O-O 12.Nc3 Nxc3 13.Bxc3 d5 14.Rfe1 Na5 15.h4 Rc8
16.h5 Nb3 17.Rad1 Qc7 18.Re3 a5 19.Nh2 Qc4 20.Nf1 Bg5 21.Qxc4 dxc4 22.Ree1 Rfd8
23.g3 b5 24.Re4 Rd7 25.f4 Be7 26.Ne3 b4 27.axb4 axb4 28.Be1 Rxd4 29.Rexd4 Nxd4
30.Rxd4 Bc5 31.Re4 c3 32.Bxc3 bxc3 33.bxc3 Bb6 34.Kg2 Rxc3 35.Rc4  1/2-1/2

[Event "Open A"]
[Site "Oberwart AUT"]
[Date "2010.07.20"]
[Round "8"]
[White "Exler,V"]
[Black "Ly,Daniel"]
[Result "1-0"]
[WhiteElo "2143"]
[BlackElo "2045"]

1.e4 c5 2.c3 Nf6 3.e5 Nd5 4.d4 cxd4 5.Nf3 Nc6 6.Bc4 e6 7.cxd4 d6 8.O-O Be7
9.Qe2 Nb6 10.Bb3 d5 11.Nc3 a6 12.Bf4 g5 13.Be3 Na5 14.Bc2 Bd7 15.Bd3 Nbc4
16.b3 Nxe3 17.fxe3 Qb6 18.Rac1 Nc6 19.Na4 Qc7 20.Ne1 h5 21.Rf2 g4 22.Qf1 Bg5
23.Nc2 O-O 24.h3 f5 25.exf6 Kf7 26.Nc5 Rg8 27.Nxd7 Qxd7 28.hxg4 hxg4 29.g3 Qd6
30.Kg2 Rh8 31.Qe2 Rag8 32.Rg1 Bxf6 33.Rf4 Nb8 34.Rxg4 Nd7 35.Rxg8 Rxg8 36.Kf2 Ke7
37.e4 e5 38.exd5 Nb6 39.Ne3 Kd8 40.Nc4 Nxc4 41.bxc4 exd4 42.Qe6 Qxe6 43.dxe6 Ke7
44.Bf5 Rc8 45.Rb1 Rc7 46.Ke2 Kd6 47.Kd3 Kc5 48.a4 b6 49.g4 Rb7 50.Be4 Re7
51.Bd5 Rg7 52.Rf1 Be7 53.Rf7 Rxf7 54.exf7 Bf8 55.Bb7 a5 56.g5 Bg7 57.g6 Kd6
58.Ke4 Ke6 59.Kf4 Kf6 60.Be4 Bf8 61.Bd3 Bg7 62.Kf3 Ke7 63.Ke4 Bf6 64.Kd5 Kf8
65.Kc6 Bd8 66.Kd7 Bf6 67.Kc7 Bg7 68.Kxb6 Ke7 69.Kxa5 Kd7 70.Kb6  1-0

[Event "25th Touraine Open"]
[Site "Avoine FRA"]
[Date "2010.07.21"]
[Round "5"]
[White "Chanoine,G"]
[Black "Tirard,H"]
[Result "0-1"]
[WhiteElo "2276"]
[BlackElo "2443"]

1.e4 c5 2.c3 Nf6 3.e5 Nd5 4.d4 cxd4 5.cxd4 d6 6.f4 Nc6 7.Nc3 dxe5 8.fxe5 Bf5
9.Nf3 e6 10.a3 Bg4 11.Bc4 Bxf3 12.Qxf3 Qh4+ 13.g3 Qxd4 14.Nxd5 exd5 15.Qxd5 Qxe5+
16.Qxe5+ Nxe5 17.Bb5+ Kd8 18.Bf4 Bd6 19.O-O-O Kc7 20.Bxe5 Bxe5 21.Rd7+ Kb6
22.Be2 Rac8+ 23.Kb1 Rhd8 24.Rhd1 Rxd7 25.Rxd7 Rc7 26.Rxc7 Kxc7 27.b3 Kd6
28.Kc2 Bd4 29.Kd3 Bg1 30.h3 Bf2 31.g4 Ke5 32.Bf3 b6 33.Ke2 Bc5 34.a4 Kf4
35.Bd5 f6 36.Bg8 h6 37.Bh7 Kg3 38.Bg6 Bd6 39.Ke3 Kxh3 40.Kf3 Kh4 41.Be8 a5
42.Bd7 h5 43.gxh5 Kxh5 44.Be6 g6 45.Bc8 f5 46.Bd7 Kg5 47.Bc8 Kf6 48.Bd7 g5
49.Bc8 g4+ 50.Kg2 Kg5 51.Bd7 f4  0-1

[Event "Helmut Kohls It"]
[Site "Dortmund GER"]
[Date "2010.07.22"]
[Round "6"]
[White "Schmittdiel,E"]
[Black "Voicu,C"]
[Result "1-0"]
[WhiteElo "2485"]
[BlackElo "2346"]

1.e4 c5 2.c3 Nf6 3.e5 Nd5 4.Nf3 e6 5.g3 d6 6.Bg2 Nc6 7.Qe2 Qc7 8.exd6 Bxd6
9.Na3 a6 10.Nc4 O-O 11.Nxd6 Qxd6 12.O-O b5 13.Rd1 e5 14.a4 Bg4 15.h3 Bh5
16.axb5 axb5 17.Rxa8 Rxa8 18.d4 exd4 19.Qxb5 Ra1 20.Kh2 h6 21.Bf4 Nxf4 22.Rxa1 Nxg2
23.Nxd4 Ne5 24.Qe8+ Kh7 25.Nf5 Nf3+ 26.Kxg2 Qd5 27.Qg8+ Kxg8 28.Ne7+ Kh7
29.Nxd5 Nd2 30.g4 Bg6 31.f3 Nb3 32.Ra7 c4 33.Nf4 Bc2 34.Rxf7  1-0

[Event "3rd Open"]
[Site "Paleochora GRE"]
[Date "2010.07.22"]
[Round "1"]
[White "Kelires,Andreas"]
[Black "Borovikov,V"]
[Result "0-1"]
[WhiteElo "1737"]
[BlackElo "2601"]

1.e4 c5 2.c3 Nf6 3.e5 Nd5 4.d4 cxd4 5.Nf3 Nc6 6.cxd4 d6 7.Bc4 Nb6 8.Bb3 dxe5
9.d5 Na5 10.Nc3 f6 11.Nh4 Nxb3 12.axb3 g6 13.O-O Bg7 14.Be3 O-O 15.Qd2 g5
16.Nf3 Bd7 17.Bc5 Nc8 18.Rfd1 Bg4 19.h3 Bxf3 20.gxf3 Nd6 21.Ne4 Qd7 22.Kh2 Nb5
23.Nc3 Nxc3 24.bxc3 b6 25.Ba3 h6 26.d6 exd6 27.Qxd6 Qxd6 28.Rxd6 Rfd8 29.Rxd8+ Rxd8
30.Kg3 f5 31.Bc1 Rd3 32.Rxa7 e4 33.Be3 f4+ 34.Bxf4 Rxf3+  0-1

[Event "XIV Battle Of Senta"]
[Site "Senta SRB"]
[Date "2010.07.23"]
[Round "8"]
[White "Dolnik,A"]
[Black "Vucinic,G"]
[Result "0-1"]
[WhiteElo "2183"]
[BlackElo "2038"]

1.e4 c5 2.c3 Nf6 3.e5 Nd5 4.d4 cxd4 5.Nf3 e6 6.cxd4 d6 7.Nc3 Nxc3 8.bxc3 Qc7
9.Bb2 Nc6 10.exd6 Bxd6 11.Bd3 b6 12.O-O O-O 13.c4 Nb4 14.Be4 Rb8 15.a3 f5
16.Bb1 Na6 17.Ba2 Bb7 18.d5 e5 19.Ng5 Nc5 20.Rc1 h6 21.Nh3 e4 22.g3 Nd3 23.Ba1 Bc8
24.Rc2 f4 25.Nxf4 Bxf4 26.c5 Kh7 27.cxb6 Qxb6 28.Rc6 Qd8 29.Qa4 Bg5 30.Qxa7 Rb7
31.Qa4 Qe8 32.Qd4 Bf6 33.Rxf6 Rxf6 34.d6 Bh3 35.Qd5 Rff7 36.Bd4 Bxf1 37.Kxf1 Qd7
38.Qxe4+ Qf5 39.Qe3 Nxf2 40.Qxf2 Qd3+  0-1

[Event "MGU-12 Open"]
[Site "Sofia BUL"]
[Date "2010.07.24"]
[Round "2"]
[White "Raykov,Stefan"]
[Black "Mitov,B"]
[Result "0-1"]
[WhiteElo "1705"]
[BlackElo "2101"]

1.e4 c5 2.c3 Nf6 3.e5 Nd5 4.d4 cxd4 5.cxd4 d6 6.f4 e6 7.Nf3 Nc6 8.Nc3 dxe5
9.fxe5 Bb4 10.Bd2 Nde7 11.Be3 Nf5 12.Bf2 O-O 13.Bd3 Qa5 14.Qc2 Rd8 15.Rd1 Qxa2
16.O-O Bxc3 17.Qxc3 Qa5 18.Qc2 h6 19.Ra1 Qd5 20.Bc4 Qd7 21.Qe4 b6 22.g4 Nfxd4
23.Nxd4 Nxd4 24.Qxa8 Bb7 25.Qxa7 Qc6 26.Qxb7 Qxb7 27.Bxd4 Rxd4 28.Be2 Qe4
29.Bf3 Qxe5 30.Ra8+ Kh7 31.Bd1 Rd2  0-1

[Event "ch-AUT"]
[Site "Vienna AUT"]
[Date "2010.07.24"]
[Round "1"]
[White "Ranits,F"]
[Black "Kilgus,G"]
[Result "0-1"]
[WhiteElo "2168"]
[BlackElo "2361"]

1.e4 c5 2.c3 Nf6 3.e5 Nd5 4.d4 cxd4 5.cxd4 d6 6.Nf3 e6 7.Bd3 Nb4 8.Nc3 dxe5
9.Bb5+ Bd7 10.Bxd7+ Qxd7 11.dxe5 Qxd1+ 12.Kxd1 N8c6 13.Ke2 Nc2 14.Rb1 N2d4+
15.Nxd4 Nxd4+ 16.Ke3 Nf5+ 17.Ke4 Rc8 18.Be3 Rc4+ 19.Kd3 Nxe3 20.Kxe3 Bc5+
21.Kf3 Bd4 22.Rhe1 Bxc3 23.Rec1 Kd7 24.Rxc3 Rxc3+ 25.bxc3 Kc7 26.Rd1 Rd8
27.Rxd8 Kxd8 28.Ke4 Kc7 29.Kd4 Kc6 30.Kc4 b5+ 31.Kd4 h6 32.h4 g6 33.f3 a6
34.a3 a5 35.f4 h5 36.g3 Kb6 37.c4 b4 38.axb4 axb4 39.Ke3 Ka5 40.Kd2 Ka4 41.Kc1 b3
42.Kb2 Kb4 43.c5 Kxc5 44.Kxb3 Kd4 45.Kb4 Ke4 46.Kc5 Kf3 47.Kd6 Kxg3 48.Ke7 Kxf4
49.Kxf7 Kf5 50.Kg7 g5  0-1

[Event "Heini Olsen Memorial"]
[Site "Klaksvik FAI"]
[Date "2010.07.25"]
[Round "8"]
[White "Nielsen,Ro"]
[Black "Bekker Jensen,S"]
[Result "1/2-1/2"]
[WhiteElo "2062"]
[BlackElo "2425"]

1.e4 c5 2.c3 Nf6 3.e5 Nd5 4.Nf3 Nc6 5.d4 cxd4 6.cxd4 d6 7.Bc4 Nb6 8.Bb5 dxe5
9.Nxe5 Bd7 10.Bxc6 Bxc6 11.Nxc6 bxc6 12.O-O e6 13.Be3 Be7 14.Nd2 Qd5 15.b3 O-O
16.Rc1 Rfd8 17.Qc2 Ba3 18.Rb1 Bb4 19.Nf3 f6 20.Rbd1 a5 21.Bd2 Bf8 22.Rfe1 a4
23.Rc1 Rdc8 24.h3 g6 25.Re3 c5 26.dxc5 Bxc5 27.Rc3 Ba3 28.Rd1 Rd8 29.Rc6 Rac8
30.Rxc8 Rxc8 31.Qb1 Rd8 32.Re1 axb3 33.axb3 Nd7 34.Be3 Nc5 35.Bxc5 Bxc5 36.Qe4 e5
37.Qxd5+ Rxd5 38.Re2 Bb4 39.Kh2 Kf7 40.g3 Ke6 41.Kg2 h6 42.Re4 Bc5 43.b4 Bd6
44.Ne1 f5 45.Rc4 e4 46.Nc2 g5 47.Nd4+ Ke5 48.Nc6+ Kf6 49.Nd4 f4 50.gxf4 gxf4
51.Kf1 Ke5 52.Nc6+ Kf5 53.Nd4+ Kg5 54.Ne6+ Kf5 55.Nd4+ Kf6 56.Nc6 Kf5 57.Nd4+  1/2-1/2

[Event "3rd Open"]
[Site "Paleochora GRE"]
[Date "2010.07.25"]
[Round "5"]
[White "Habesi,A"]
[Black "Jerez Perez,A"]
[Result "0-1"]
[WhiteElo "1670"]
[BlackElo "2415"]

1.e4 c5 2.c3 Nf6 3.e5 Nd5 4.d4 cxd4 5.Nf3 Nc6 6.cxd4 d6 7.Bc4 Nb6 8.Bb5 Bd7
9.O-O Nxe5 10.Nxe5 dxe5 11.Be2 exd4 12.Qxd4 Bc6 13.Rd1 Qxd4 14.Rxd4 e5 15.Rg4 f5
16.Rg3 g6 17.Bd2 Bg7 18.Na3 Rd8 19.Rd1 O-O 20.h4 f4 21.Rh3 e4 22.Bb4 Rxd1+
23.Bxd1 Rd8 24.Bb3+ Bd5 25.Bc3 Bxb3 26.axb3 Rd1+ 27.Kh2 Nd5 28.Bxg7 Kxg7
29.Nc4 b5  0-1

[Event "3rd Open"]
[Site "Paleochora GRE"]
[Date "2010.07.25"]
[Round "5"]
[White "Kudriashova,I"]
[Black "Smirnov,Arte"]
[Result "0-1"]
[WhiteElo "2120"]
[BlackElo "2446"]

1.e4 c5 2.c3 Nf6 3.e5 Nd5 4.g3 d6 5.exd6 Qxd6 6.Bg2 Nc6 7.Ne2 Bg4 8.O-O e6
9.Na3 Rd8 10.Re1 Be7 11.Qa4 Bxe2 12.Rxe2 Qd7 13.Nc2 O-O 14.Ne3 Nd4 15.Qd1 Nxe2+
16.Qxe2 Bg5 17.Ng4 Nb6 18.h4 Bxd2 19.Ne5 Qd6 20.Bxb7 Bxc1 21.Rxc1 Qd2 22.Re1 Qxe2
23.Rxe2 Rd1+ 24.Kg2 Rfd8 25.Nf3 Nc4 26.Ba6 Nb6 27.Bb5 Ra1 28.a3 Ra2 29.Rc2 Ra1
30.Nd2 Rd1 31.Nb3 c4 32.Nd4 e5 33.Nf3 f6 34.Re2 Kf8 35.g4 Nd5 36.Kg3 Nf4
37.Rc2 R8d3  0-1

[Event "3rd Open"]
[Site "Paleochora GRE"]
[Date "2010.07.26"]
[Round "6"]
[White "Rigopoulos Tsigkos,A"]
[Black "Cruz Alvarez de Ron,D"]
[Result "1/2-1/2"]
[WhiteElo "2020"]
[BlackElo "2313"]

1.e4 c5 2.c3 Nf6 3.e5 Nd5 4.d4 cxd4 5.Nf3 e6 6.cxd4 d6 7.Bc4 Nb6 8.Bd3 Nc6
9.Nc3 dxe5 10.dxe5 Be7 11.a3 Bd7 12.O-O Rc8 13.Qc2 Qc7 14.Re1 h6 15.Qe2 Nd5
16.Nxd5 exd5 17.b4 Bg4 18.Bb2 O-O 19.h3 Be6 20.Nd4 Nxd4 21.Bxd4 a6 22.f4 Bd7
23.f5 f6 24.e6 Ba4 25.Qe3 Bd6 26.Re2 Qc6 27.Rae1 Be7 28.Rf2 Bd6 29.Rfe2 Be7
30.Rf2 Bd6 31.Rf3 Rc7 32.Qe2 Rfc8 33.Re3 Bf4 34.Rf3 Bd6 35.Re3 Bf4 36.Rf3 Bd6  1/2-1/2

[Event "Open ch-BUL w"]
[Site "Vratsa BUL"]
[Date "2010.07.27"]
[Round "4"]
[White "Galunova,T"]
[Black "Nikolova,A"]
[Result "0-1"]
[WhiteElo "1984"]
[BlackElo "2298"]

1.e4 c5 2.c3 Nf6 3.e5 Nd5 4.Nf3 e6 5.d4 cxd4 6.cxd4 d6 7.Nc3 Nxc3 8.bxc3 Qc7
9.Bd2 Nd7 10.exd6 Bxd6 11.Bd3 b6 12.O-O Bb7 13.h3 O-O 14.Ng5 Nf6 15.Re1 Bh2+
16.Kh1 Bf4 17.Qc1 Bxd2 18.Qxd2 h6 19.Ne4 Nd5 20.c4 Nf4 21.Bf1 Nxh3 22.gxh3 f5
23.d5 fxe4 24.Rxe4 exd5 25.cxd5 Qf7 26.Bg2 Bxd5 27.Rg4 Bxg2+ 28.Rxg2 Qf3
29.Qd7 Rf7 30.Qe6 Rd8 31.Rg1 Kh8 32.Kh2 Qd5 33.Qe2 Qd2 34.Qe6 Rxf2 35.Qg4 Rxg2+
36.Rxg2 Qd6+ 37.Kh1 Qd1+ 38.Qxd1 Rxd1+ 39.Kh2 Kh7 40.Kg3 g5 41.Re2 Kg6  0-1

[Event "Open"]
[Site "Szombathely HUN"]
[Date "2010.07.28"]
[Round "2"]
[White "Oswald,He"]
[Black "Joo,G"]
[Result "1/2-1/2"]
[WhiteElo "1981"]
[BlackElo "2113"]

1.e4 c5 2.c3 Nf6 3.e5 Nd5 4.Nf3 Nc6 5.d4 cxd4 6.cxd4 e6 7.Nc3 Nxc3 8.bxc3 d6
9.Ba3 Be7 10.exd6 Bxd6 11.Bxd6 Qxd6 12.Bd3 O-O 13.Ng5 h6 14.Qh5 Nxd4 15.Ne4 Qa3
16.O-O f5 17.Bc4 b5 18.cxd4 bxc4 19.Nc5 Rb8 20.Qe2 Qb2 21.Qxc4 Rb4 22.Qc1 Qxc1
23.Rfxc1 Rxd4 24.a4 Rfd8 25.a5 e5 26.f3 e4 27.fxe4 fxe4 28.Rc3 Bf5 29.Rf1 g6
30.Re1 Rd1 31.Re3 Rxe1+ 32.Rxe1 Rd4 33.Re3 h5 34.h3 h4 35.g4 hxg3 36.Kg2 Rc4
37.Nb3 Ra4 38.Kxg3 Ra3 39.Kf4 Kg7 40.h4 Kh6 41.a6 Kh5 42.Ke5 Kxh4 43.Kf4 Rxa6
44.Nd4 Ra5 45.Rg3 Rd5 46.Nc6 a5 47.Ne7 Rd3 48.Nxg6+ Bxg6 49.Rxg6 Kh5 50.Kxe4  1/2-1/2

[Event "Open ch-BUL w"]
[Site "Vratsa BUL"]
[Date "2010.07.28"]
[Round "5"]
[White "Stefanova,M"]
[Black "Ivanova,Si"]
[Result "1-0"]
[WhiteElo "1992"]
[BlackElo "1827"]

1.e4 c5 2.c3 Nf6 3.e5 Nd5 4.Bc4 Nb6 5.Bb3 c4 6.Bc2 d6 7.exd6 Qxd6 8.b3 cxb3
9.axb3 Nc6 10.d4 g6 11.Nf3 Qe6+ 12.Qe2 Qxe2+ 13.Kxe2 Bg7 14.Re1 O-O 15.Kf1 Nd5
16.Be4 Rd8 17.b4 e6 18.b5 Nce7 19.c4 Nb6 20.c5 Nbd5 21.Bg5 f6 22.Bd2 Bd7
23.Bd3 Nc7 24.Nc3 Ned5 25.Nxd5 Nxd5 26.Rec1 Rdc8 27.Ra2 e5 28.dxe5 fxe5 29.Ng5 Bf5
30.Ne4 a6 31.g4 Bxg4 32.Bc4 Rd8 33.Bg5 Rd7 34.c6 bxc6 35.bxc6 Bh3+ 36.Ke1 Rc7
37.Bxd5+ Kf8 38.Be3  1-0

[Event "3rd Open"]
[Site "Paleochora GRE"]
[Date "2010.07.29"]
[Round "9"]
[White "Mamedjarova,T"]
[Black "Borovikov,V"]
[Result "0-1"]
[WhiteElo "2280"]
[BlackElo "2601"]

1.e4 c5 2.c3 Nf6 3.e5 Nd5 4.d4 cxd4 5.Qxd4 e6 6.Nf3 Nc6 7.Qe4 f5 8.Qe2 b5
9.g3 a5 10.Bg2 Be7 11.O-O O-O 12.Rd1 Ba6 13.Nbd2 Qc7 14.Qe1 Rac8 15.a4 bxa4
16.Rxa4 Bd3 17.Nd4 Nxd4 18.Rxd4 Bc2 19.Nc4 Bxd1 20.Qxd1 Nb6 21.Nxb6 Qxb6
22.Rxd7 Rfd8 23.Qa4 Rxd7 24.Qxd7 Rc7 25.Qe8+ Bf8 26.Be3 Qa6 27.h3 Qc8 28.Qb5 Bc5
29.Bg5 h6 30.Bf4 Qd7 31.Qxa5 Qd1+ 32.Kh2 Bxf2 33.h4 Bg1+  0-1

[Event "TCh-MNE Premier League"]
[Site "Cetinje MNE"]
[Date "2010.07.30"]
[Round "7"]
[White "Sedlak,N"]
[Black "Pikula,D"]
[Result "1/2-1/2"]
[WhiteElo "2557"]
[BlackElo "2547"]

1.e4 c5 2.c3 Nf6 3.e5 Nd5 4.d4 cxd4 5.Nf3 Nc6 6.Bc4 Nb6 7.Bb3 d5 8.cxd4 Bf5
9.Nc3 e6 10.Be3 Be7 11.O-O  1/2-1/2

[Event "Open"]
[Site "Szombathely HUN"]
[Date "2010.07.30"]
[Round "4"]
[White "Oswald,He"]
[Black "Tomasic,D"]
[Result "1-0"]
[WhiteElo "1981"]
[BlackElo "2068"]

1.e4 c5 2.c3 Nf6 3.e5 Nd5 4.Nf3 Nc6 5.d4 cxd4 6.cxd4 d6 7.Bc4 Nb6 8.Bb5 a6
9.Bxc6+ bxc6 10.O-O Bg4 11.Qd3 d5 12.b3 e6 13.Ba3 Bxa3 14.Nxa3 O-O 15.Rac1 Qd7
16.Rc5 Rfc8 17.Rfc1 Rc7 18.Qc3 Qe7 19.Nb1 Rac8 20.Nbd2 Nd7 21.Ra5 Nb8 22.b4 Bxf3
23.Nxf3 f6 24.a3 g5 25.exf6 Qxf6 26.Ne5 Kg7 27.Rc5 Qf5 28.Qc2 Qf4 29.Qd1 Rf8
30.R1c2 Rf6 31.R5c3 Rh6 32.Rg3 Rh4 33.Nf3 Rg4 34.Rxg4 Qxg4 35.h3 Qf5 36.Ne5 h6
37.Rc3 Qf8 38.Qh5 Qf4 39.Qg4 Qf5 40.Qh5 Nd7 41.Nxd7 Rxd7 42.Rxc6 Rf7 43.Qe2 Rf6
44.Rxa6 h5 45.b5 g4 46.h4 Kg6 47.b6 Qf4 48.Qe3 Qxe3 49.fxe3 g3 50.b7 Kf5
51.b8=Q Kg4 52.Qg8+ Kxh4 53.Qd8  1-0

[Event "GM"]
[Site "Szombathely HUN"]
[Date "2010.07.30"]
[Round "4"]
[White "Vajda,Le"]
[Black "Szabo,G ROM"]
[Result "1/2-1/2"]
[WhiteElo "2505"]
[BlackElo "2568"]

1.e4 c5 2.c3 Nf6 3.e5 Nd5 4.d4 cxd4 5.Nf3 e6 6.cxd4 d6 7.Bc4 Nc6 8.O-O Be7
9.Qe2 O-O 10.Nc3 dxe5 11.dxe5 Nxc3 12.bxc3 Qa5 13.Bd2  1/2-1/2

[Event "GM"]
[Site "Stara Pazova SRB"]
[Date "2010.08.03"]
[Round "3"]
[White "Skoko,Mil"]
[Black "Djurovic,G"]
[Result "1/2-1/2"]
[WhiteElo "2209"]
[BlackElo "2348"]

1.e4 c5 2.c3 Nf6 3.e5 Nd5 4.d4 cxd4 5.Nf3 e6 6.cxd4 d6 7.Nc3 Nxc3 8.bxc3 Qc7
9.Bd2 Nd7 10.exd6 Bxd6 11.Bd3 b6 12.Qe2 Bb7 13.O-O Bf4 14.Be4 Bxd2 15.Bxb7 Qxb7
16.Nxd2 Nf6 17.c4 O-O 18.a4 Rfd8 19.Nb3 Rac8 20.Rfc1 a5 21.Qe5 Ne8 22.h3 h6
23.Rab1 Qd7 24.Ra1 Qb7 25.Rab1 Qd7 26.Ra1  1/2-1/2

[Event "111th US Open"]
[Site "Irvine USA"]
[Date "2010.08.04"]
[Round "?"]
[White "Cornejo,M"]
[Black "Lawrence,Dan"]
[Result "1-0"]
[WhiteElo "2409"]
[BlackElo "2064"]

1.e4 c5 2.c3 Nf6 3.e5 Nd5 4.d4 cxd4 5.cxd4 e6 6.Nc3 d6 7.Nf3 Nd7 8.Nxd5 exd5
9.Bd3 dxe5 10.dxe5 Bc5 11.O-O Qb6 12.Rb1 O-O 13.Bc2 Re8 14.b4 Be7 15.Qxd5 Nf8
16.Be3 Be6 17.Qe4 Qc6 18.Nd4 Qxe4 19.Bxe4 Bxa2 20.Ra1 Be6 21.Bxb7 Rab8 22.Rxa7 Bd7
23.Nc6 Bxc6 24.Bxc6 Rec8 25.b5 Bd8 26.Ra6 Rc7 27.Bc5 Be7 28.Bb6 Rcb7 29.Bxb7 Rxb7
30.Rb1 Ng6 31.Ra8+ Nf8 32.Be3  1-0

[Event "Open"]
[Site "Minsk BLR"]
[Date "2010.08.04"]
[Round "1"]
[White "Zhigalko,S"]
[Black "Rosikhin,I"]
[Result "1-0"]
[WhiteElo "2656"]
[BlackElo "2048"]

1.e4 c5 2.c3 Nf6 3.e5 Nd5 4.Nf3 Nc6 5.Bc4 e6 6.d4 cxd4 7.cxd4 d6 8.Qe2 Be7
9.O-O a6 10.Nc3 Nxc3 11.bxc3 dxe5 12.dxe5 Qc7 13.Bd3 O-O 14.Re1 b6 15.Rb1 Bb7
16.Ng5 g6 17.Nxh7 Rfd8 18.Nf6+ Kg7 19.Bf4 Na5 20.Qg4 Rh8 21.Re3 Nc4 22.Bxc4  1-0

[Event "49th WJun"]
[Site "Chotowa POL"]
[Date "2010.08.05"]
[Round "3"]
[White "Bryan-Vissi,Mark"]
[Black "Roos,Ad"]
[Result "0-1"]
[WhiteElo "1847"]
[BlackElo "2097"]

1.e4 c5 2.c3 Nf6 3.e5 Nd5 4.d4 cxd4 5.cxd4 e6 6.Nf3 d6 7.Nc3 Nxc3 8.bxc3 Qc7
9.Bd2 Nd7 10.Qa4 Be7 11.Bd3 O-O 12.exd6 Bxd6 13.Qc2 h6 14.h4 Bf4 15.Bxf4 Qxf4
16.Bh7+ Kh8 17.Bd3 e5 18.Qe2 exd4 19.cxd4 Nf6 20.O-O Bg4 21.Qe5 Qxe5 22.dxe5 Nd7
23.Rfe1 Nc5 24.Bc4 Rad8 25.Nh2 Rd4 26.Bf1 Be6 27.Nf3 Ra4 28.Rec1 b6 29.Bb5 Rb4
30.Bf1 Rd8 31.a3 Ra4 32.Rc3 Nb3 33.Re1 Rxa3 34.Rec1 a5 35.Bb5 Ra2 36.R1c2 Rd1+
37.Kh2 Rxc2 38.Rxc2 Nc5 39.Rb2 a4 40.Be2 a3 41.Bxd1 axb2 42.Bc2  0-1